Metody analýzy nelineárních dynamických modelů /
Salvato in:
| Autore principale: | |
|---|---|
| Natura: | Libro |
| Lingua: | ceco |
| Pubblicazione: |
Praha :
Academia,
1986
|
| Tags: |
Nessun Tag, puoi essere il primo ad aggiungerne!!
|
MARC
| LEADER | 00000nam a22000003a 4500 | ||
|---|---|---|---|
| 001 | stu4804 | ||
| 005 | 20150617225810.8 | ||
| 008 | 931111s1986----cs------------------cze-d | ||
| 040 | |a STU |b slo | ||
| 041 | 0 | |a cze | |
| 044 | |a cs | ||
| 080 | |a 681.544.4 | ||
| 080 | |a 517.987 | ||
| 080 | |a 517.935.4 | ||
| 100 | 1 | |a Holodniok, M |4 aut | |
| 245 | 1 | |a Metody analýzy nelineárních dynamických modelů / |c Aut.: Holodniok,M. a kol | |
| 260 | |a Praha : |b Academia, |c 1986 | ||
| 300 | |a 417 s | ||
| 996 | |b 284EK05363 |c E*60200 |l EE01 |s A |a 24 |w stu4804_0001 | ||
| 996 | |b E61127 |c E*61127 |l EE03 |s P |a 0 |w stu4804_0002 | ||
| 996 | |b E65218 |c E*65218 |l EE16 |s P |a 0 |w stu4804_0008 | ||